MyGZULibrary

The science of grapevines: (Record no. 11302)

MARC details
000 -LEADER
fixed length control field 01615cam a22004337i 4500
001 - CONTROL NUMBER
control field 18334650
003 - CONTROL NUMBER IDENTIFIER
control field GZU
005 - DATE AND TIME OF LATEST TRANSACTION
control field 20240521095530.0
008 - FIXED-LENGTH DATA ELEMENTS--GENERAL INFORMATION
fixed length control field 141014t20152015ne a b 001 0 eng d
010 ## - LIBRARY OF CONGRESS CONTROL NUMBER
LC control number 2014953999
020 ## - INTERNATIONAL STANDARD BOOK NUMBER
International Standard Book Number 9780124199873
020 ## - INTERNATIONAL STANDARD BOOK NUMBER
International Standard Book Number 0124199879
020 ## - INTERNATIONAL STANDARD BOOK NUMBER
Canceled/invalid ISBN 9780124200081
022 ## - INTERNATIONAL STANDARD SERIAL NUMBER
International Standard Serial Number .
035 ## - SYSTEM CONTROL NUMBER
System control number (OCoLC)ocn902656468
040 ## - CATALOGING SOURCE
Original cataloging agency YDXCP
Language of cataloging eng
Transcribing agency YDXCP
Description conventions rda
Modifying agency OCLCQ
-- STF
-- OCLCO
-- WSU
-- CDX
-- OCLCQ
-- DLC
042 ## - AUTHENTICATION CODE
Authentication code lccopycat
050 00 - LIBRARY OF CONGRESS CALL NUMBER
Classification number QK495
Item number KEL 2015
082 04 - DEWEY DECIMAL CLASSIFICATION NUMBER
Classification number 571.2/386
Edition number 23
100 1# - MAIN ENTRY--PERSONAL NAME
Personal name Keller, Markus.
Relator term author
245 14 - TITLE STATEMENT
Title The science of grapevines:
Remainder of title anatomy and physiology/
Statement of responsibility, etc. Markus Keller, Irrigated Agriculture Research and Extension Center, Washington State University, Prosser, WA, USA.
250 ## - EDITION STATEMENT
Edition statement Second edition.
264 #1 - PRODUCTION, PUBLICATION, DISTRIBUTION, MANUFACTURE, AND COPYRIGHT NOTICE
Place of production, publication, distribution, manufacture Amsterdam;
-- Boston:
Name of producer, publisher, distributor, manufacturer Elsevier/AP, Academic Press is an imprint of Elsevier,
Date of production, publication, distribution, manufacture, or copyright notice [2015]
264 #4 - PRODUCTION, PUBLICATION, DISTRIBUTION, MANUFACTURE, AND COPYRIGHT NOTICE
Date of production, publication, distribution, manufacture, or copyright notice ©2015
300 ## - PHYSICAL DESCRIPTION
Extent xii, 509 pages:
Other physical details illustrations;
Dimensions 25 cm
336 ## - CONTENT TYPE
Content type term text
Content type code txt
Source rdacontent
337 ## - MEDIA TYPE
Media type term unmediated
Media type code n
Source rdamedia
338 ## - CARRIER TYPE
Carrier type term volume
Carrier type code nc
Source rdacarrier
504 ## - BIBLIOGRAPHY, ETC. NOTE
Bibliography, etc. note Includes bibliographical references (pages 381-487) and index.
505 ## - FORMATTED CONTENTS NOTE
Formatted contents note .
520 ## - SUMMARY, ETC.
Summary, etc. .
650 #0 - SUBJECT ADDED ENTRY--TOPICAL TERM
Topical term or geographic name entry element Grapes
General subdivision Anatomy.
650 #0 - SUBJECT ADDED ENTRY--TOPICAL TERM
Topical term or geographic name entry element Grapes
General subdivision Physiology.
856 42 - ELECTRONIC LOCATION AND ACCESS
Materials specified Publisher description
Uniform Resource Identifier <a href="http://www.loc.gov/catdir/enhancements/fy1606/2014953999-d.html">http://www.loc.gov/catdir/enhancements/fy1606/2014953999-d.html</a>
906 ## - LOCAL DATA ELEMENT F, LDF (RLIN)
a 7
b cbc
c copycat
d 2
e ncip
f 20
g y-gencatlg
942 ## - ADDED ENTRY ELEMENTS (KOHA)
Source of classification or shelving scheme Library of Congress Classification
Koha item type Books
Edition Second edition
Classification part 495
Item part KEL
Call number prefix QK
Holdings
Withdrawn status Lost status Source of classification or shelving scheme Damaged status Not for loan Collection code Home library Current library Shelving location Date acquired Source of acquisition Total Checkouts Full call number Barcode Date last seen Copy number Price effective from Koha item type
    Library of Congress Classification     Non-fiction Medical Library Medical Library General Stacks 05/15/2024 Donation: BAI   QK495 KEL 2015 033368 05/21/2024 c.1 05/21/2024 Books